00873cam a2200229 a 450000100100000000500170001000800410002702000150006804000230008308200190010610000280012524500670015326000470022030000280026750400420029550400490033765000670038665000190045391000340047295201220050699900150062800000129620200929145532.0781031s1976 ja a b 100 0 eng  a0860081699 aDO-SdBNPcDLCdDLC a615.329bT316p1 aTereshin, Igor M.9438410aPolyene antibiotics :bpresent and future /cIgor M. Tereshin. aTokyo :bUniversity of Tokyo Press,c1976. a144 p. :bil. ;c24 cm. aIncluye referencias bibliográficas. aIncluye referencias biográficas del autor. 4aAntibióticos de polienoxCongresos, conferencias, etc.94385 4aPolienos94386 aCatalogación por copia / LC 001052708MOaGRbGRcCTd2009-09-15iLF1l0o615.329 T316pp1296-10r2020-06-25w2020-06-25y2ZPréstamo interno c1235d1235